Kosten- und Leistungsrechnung

Gespeichert in:
Bibliographische Detailangaben
1. Verfasser: Jost, Helmuth
Format: Buch
Sprache:Deutsch
Veröffentlicht: Wiesbaden Gabler 1976
Ausgabe:2. Aufl.
Schlagworte:
Tags: Tag hinzufügen
Keine Tags, Fügen Sie das erste Tag hinzu!

MARC

LEADER 00000nam a2200000 4500
001 c000167
005 20221207073753.7
020 |a 3-409-21051-2 
041 0 |a ger 
044 |a DE 
245 1 0 |a Kosten- und Leistungsrechnung  |c Helmuth Jost 
250 |a 2. Aufl. 
264 1 |a Wiesbaden  |b Gabler  |c 1976 
300 |a 237 s.  |e príl. 
610 2 0 |a náklady 
610 2 0 |a náklady fixné 
610 2 0 |a náklady variabilné 
610 2 0 |a výkony podnikové 
610 2 0 |a kalkulácia nákladov 
610 2 0 |a kalkulácia výkonov podnikových 
610 2 0 |a metódy matematické 
100 1 |a Jost, Helmuth